[Event "DEM U12/U12w 2003"]
[Site "Willingen GER"]
[Date "2003.06.13"]
[Round "10"]
[White "Kazhibadze, Georg"]
[Black "Sörös, Martin-Wolfgang"]
[Result "0-1"]
[Termination "normal"]
[Board "8"]
[WhiteElo "1681"]
[BlackElo "1619"]
[PlyCount "88"]
[EventCountry "GER"]
[EventRounds "11"]
[EventType "swiss"]
[EventDate "2003.06.07"]

1. d4 Nf6 2. c4 c5 3. d5 e6 4. Nc3 exd5 5. cxd5 d6 6. Bf4 a6 7. e4 g6 8. f3 Bg7
9. Qa4+ Bd7 10. Bb5 Qb6 11. Bxd7+ Nbxd7 12. Nge2 O-O 13. O-O Qc7 14. Rac1 b5
15. Qc2 Nb6 16. Nb1 Nfd7 17. b3 f5 18. Bg3 Rae8 19. Nf4 Qb8 20. Ne6 Rf7 21.
Rcd1 Bh8 22. Ng5 Rf6 23. Bh4 h6 24. Ne6 Rf7 25. Qc1 g5 26. Bg3 Nf8 27. exf5
Rxf5 28. Nxf8 Kxf8 29. f4 Bd4+ 30. Rxd4 cxd4 31. fxg5 Rxf1+ 32. Qxf1+ Ke7 33.
Qf6+ Kd7 34. gxh6 Nxd5 35. Qf7+ Kc6 36. h7 Ne3 37. Qf3+ Kd7 38. Bf2 Qc8 39.
Bxe3 dxe3 40. Qf5+ Kc6 41. Qc2+ Kb7 42. Na3 e2 43. Qxc8+ Kxc8 44. Nc2 e1=Q+ 0-1

[Event "DEM U12/U12w 2003"]
[Site "Willingen GER"]
[Date "2003.06.13"]
[Round "10"]
[White "Fischer, Benjamin"]
[Black "Huschenbeth, Niclas"]
[Result "0-1"]
[Termination "normal"]
[Board "9"]
[WhiteElo "1591"]
[BlackElo "1808"]
[PlyCount "156"]
[BlackFideId "24604747"]
[EventCountry "GER"]
[EventRounds "11"]
[EventType "swiss"]
[EventDate "2003.06.07"]

1. d4 Nf6 2. c4 g6 3. Nc3 d5 4. cxd5 Nxd5 5. Bd2 Nb6 6. Bg5 Bg7 7. Nf3 Nc6 8.
e3 O-O 9. Be2 a6 10. O-O Qe8 11. d5 Nd8 12. e4 e5 13. Ne1 f5 14. f3 f4 15. Bh4
Nf7 16. Bf2 Nd7 17. Qb3 Nd6 18. Na4 Nf6 19. Rc1 Rf7 20. Nd3 b6 21. Rc2 a5 22.
Rfc1 Ra7 23. Rc6 Qe7 24. Qc3 Nfe8 25. Qb3 g5 26. Kf1 h5 27. h3 g4 28. hxg4 hxg4
29. Ke1 Bh6 30. Kd2 Bb7 31. R6c2 Nxe4+ 32. fxe4 f3+ 33. Be3 Bxe3+ 34. Kxe3 Qg5+
35. Kf2 fxe2+ 36. Kxe2 Ba6 37. Rf1 Rxf1 38. Kxf1 Nd6 39. Rf2 Ra8 40. Kg1 Nxe4
41. d6+ Kh8 42. Qd5 Rg8 43. Qxe4 Bxd3 44. Qxd3 g3 45. Rf5 Qc1+ 46. Rf1 Qh6 47.
Rf3 Qh2+ 48. Kf1 Qh1+ 49. Ke2 Qxg2+ 50. Kd1 Qh1+ 51. Kc2 cxd6 52. Nxb6 Qh4 53.
Qf5 Qh2+ 54. Kb3 Qh4 55. Nd5 Rg5 56. Qf6+ Kh7 57. Qe7+ Kh6 58. Qxd6+ Rg6 59.
Qf8+ Kh5 60. Qh8+ Kg4 61. Nf6+ Kh3 62. Qxh4+ Kxh4 63. Rf1 g2 64. Rg1 Kh3 65.
Ne4 Kh2 66. Rxg2+ Rxg2 67. Ka4 Rg4 68. Kxa5 Rxe4 69. b4 Re2 70. a4 Ra2 71. b5
e4 72. b6 Rb2 73. Ka6 Ra2 74. a5 e3 75. b7 Rb2 76. Ka7 e2 77. b8=Q+ Rxb8 78.
Kxb8 e1=Q 0-1

[Event "DEM U12/U12w 2003"]
[Site "Willingen GER"]
[Date "2003.06.13"]
[Round "10"]
[White "Khramoy, Gennadiy"]
[Black "Korman, Maxim"]
[Result "1/2-1/2"]
[Termination "normal"]
[Board "10"]
[WhiteElo "1517"]
[BlackElo "1711"]
[PlyCount "57"]
[BlackFideId "24619787"]
[EventCountry "GER"]
[EventRounds "11"]
[EventType "swiss"]
[EventDate "2003.06.07"]

1. d4 d5 2. c4 e6 3. Nc3 Nf6 4. cxd5 exd5 5. Bg5 c6 6. e3 Nbd7 7. Qc2 Qa5 8.
Bd3 Bb4 9. Nf3 Ne4 10. Bxe4 dxe4 11. Qxe4+ Kf8 12. Qc2 Nb6 13. O-O Bg4 14. Bf4
Bxf3 15. gxf3 Qh5 16. Kg2 Re8 17. Rg1 Re6 18. Qd1 Bxc3 19. bxc3 Nd5 20. Bg3
Nxc3 21. Qb3 Ne2 22. Rge1 Nxg3 23. fxg3 Re7 24. Rac1 Qa5 25. Re2 g6 26. e4 Kg7
27. Qb2 f6 28. Rd1 Rd8 29. Red2 1/2-1/2

[Event "DEM U12/U12w 2003"]
[Site "Willingen GER"]
[Date "2003.06.13"]
[Round "10"]
[White "Schrödter, Thomas"]
[Black "Trapp, Maximilian"]
[Result "0-1"]
[Termination "normal"]
[Board "11"]
[WhiteElo "1605"]
[BlackElo "1506"]
[PlyCount "64"]
[EventCountry "GER"]
[EventRounds "11"]
[EventType "swiss"]
[EventDate "2003.06.07"]

1. d4 f5 2. g3 Nf6 3. Nh3 e6 4. Bg2 d5 5. b3 Bd6 6. Ba3 c6 7. Bxd6 Qxd6 8. Nd2
e5 9. dxe5 Qxe5 10. Nf4 Ne4 11. O-O O-O 12. Nf3 Qc7 13. Qd4 g5 14. Nd3 Qg7 15.
Qxg7+ Kxg7 16. e3 Be6 17. Rfd1 Nd7 18. Nd4 Kf6 19. Nb2 Ne5 20. f4 gxf4 21. exf4
Ng4 22. Nxe6 Kxe6 23. c4 Ne3 24. cxd5+ cxd5 25. Rdc1 Rac8 26. Nd3 b6 27. Ne5
Rc5 28. b4 Rcc8 29. a3 Nd2 30. Re1 Nxg2 31. Kxg2 Rc2 32. Ng6+ Ne4+ 0-1

[Event "DEM U12/U12w 2003"]
[Site "Willingen GER"]
[Date "2003.06.13"]
[Round "10"]
[White "Weller, Manuel"]
[Black "Gahn, Juliane"]
[Result "1-0"]
[Termination "normal"]
[Board "12"]
[WhiteElo "1593"]
[BlackElo "1379"]
[PlyCount "67"]
[WhiteFideId "24635952"]
[EventCountry "GER"]
[EventRounds "11"]
[EventType "swiss"]
[EventDate "2003.06.07"]

1. d4 Nf6 2. Nf3 g6 3. c4 Bg7 4. Nc3 O-O 5. e4 d6 6. Bg5 c6 7. Qd2 Nbd7 8. Bd3
e5 9. d5 Qc7 10. Bh6 Nc5 11. Bxg7 Kxg7 12. O-O Bg4 13. Ne1 Qe7 14. h3 Bd7 15.
b4 Nxd3 16. Nxd3 Nh5 17. f4 exf4 18. Nxf4 Kh8 19. Rae1 Qg5 20. Qd4+ Ng7 21.
dxc6 Bxc6 22. b5 Bd7 23. Qxd6 Rad8 24. Qd5 Qg3 25. Nce2 Qe3+ 26. Kh2 Bc6 27.
Qg5 Qxe4 28. bxc6 Qxc6 29. Qh4 Rc8 30. Rc1 Qe4 31. Ng3 Qe8 32. Nd5 Qa4 33. Nf6
h5 34. Qg5 1-0

[Event "DEM U12/U12w 2003"]
[Site "Willingen GER"]
[Date "2003.06.13"]
[Round "10"]
[White "Rafiee, Makan"]
[Black "Kaczmarczyk, Dennis"]
[Result "0-1"]
[Termination "normal"]
[Board "13"]
[WhiteElo "1579"]
[BlackElo "1715"]
[PlyCount "74"]
[WhiteFideId "24609340"]
[BlackFideId "24608297"]
[EventCountry "GER"]
[EventRounds "11"]
[EventType "swiss"]
[EventDate "2003.06.07"]

1. e4 e6 2. d4 d5 3. Nd2 dxe4 4. Nxe4 Bd7 5. Bd3 Bc6 6. Nf3 Nd7 7. O-O Be7 8.
Bf4 Ngf6 9. Re1 O-O 10. Neg5 h6 11. Nxf7 Rxf7 12. Bg6 Bd6 13. Bxd6 cxd6 14.
Bxf7+ Kxf7 15. Qe2 Qe7 16. Nh4 Re8 17. Qd3 Kg8 18. Qg3 Ne4 19. Qg4 Ndf6 20. Qd1
Qf7 21. Qd3 Qh5 22. Nf3 Ng5 23. Nxg5 Qxg5 24. f3 Nh5 25. c4 Nf4 26. Qf1 Rf8 27.
Kh1 Qh5 28. Re3 Rf6 29. Rd1 Rg6 30. Rd2 Qh4 31. b4 b6 32. a3 Nh5 33. Kg1 Qg5
34. Rde2 Nf4 35. d5 exd5 36. cxd5 Bb5 37. Kh1 Nxe2 0-1

[Event "DEM U12/U12w 2003"]
[Site "Willingen GER"]
[Date "2003.06.13"]
[Round "10"]
[White "Gölz, Daniel"]
[Black "Jannes, Alexander"]
[Result "1-0"]
[Termination "normal"]
[Board "14"]
[WhiteElo "1682"]
[BlackElo "1515"]
[PlyCount "73"]
[WhiteFideId "24626325"]
[BlackFideId "4647955"]
[EventCountry "GER"]
[EventRounds "11"]
[EventType "swiss"]
[EventDate "2003.06.07"]

1. e4 c6 2. d4 d5 3. e5 Bf5 4. g4 Be4 5. f3 Bg6 6. h4 h6 7. Bd3 Bxd3 8. Qxd3 e6
9. f4 Be7 10. Nf3 Nd7 11. Nbd2 Nf8 12. f5 Qc7 13. Nf1 O-O-O 14. Rg1 g6 15. f6
Bb4+ 16. c3 Ba5 17. a4 a6 18. b4 Bb6 19. Ba3 Kb8 20. b5 cxb5 21. Bd6 Rxd6 22.
exd6 Qxd6 23. axb5 axb5 24. Qxb5 Nd7 25. Qa4 Ndxf6 26. Ne5 Rh7 27. Qa8+ Kc7 28.
g5 Bxd4 29. cxd4 Qb4+ 30. Nd2 Qxd4 31. Nef3 Qe3+ 32. Kd1 Ne4 33. Rc1+ Kb6 34.
Rb1+ Kc7 35. Rxb7+ Kd6 36. Qa6+ Kc5 37. Qb6# 1-0

[Event "DEM U12/U12w 2003"]
[Site "Willingen GER"]
[Date "2003.06.13"]
[Round "10"]
[White "Fink, Leander"]
[Black "Hirneise, Jens"]
[Result "1-0"]
[Termination "normal"]
[Board "15"]
[WhiteElo "1657"]
[BlackElo "1495"]
[PlyCount "83"]
[WhiteFideId "24605247"]
[BlackFideId "24614734"]
[EventCountry "GER"]
[EventRounds "11"]
[EventType "swiss"]
[EventDate "2003.06.07"]

1. e4 e5 2. Nf3 Nc6 3. d4 exd4 4. Nxd4 Bc5 5. Be3 Qf6 6. c3 Nge7 7. Bc4 O-O 8.
O-O d6 9. Nxc6 Nxc6 10. Bxc5 dxc5 11. Bd5 Ne7 12. Bb3 Nc6 13. Qe2 Re8 14. Nd2
Be6 15. Bc2 Rad8 16. Rad1 a6 17. Qh5 Qe5 18. Qe2 Qg5 19. f4 Qg4 20. Qe3 c4 21.
h3 Qg6 22. f5 Bxf5 23. exf5 Qxg2+ 24. Kxg2 Rxe3 25. Nxc4 Re2+ 26. Rf2 Rxf2+ 27.
Kxf2 Re8 28. Rd7 Re7 29. Rxe7 Nxe7 30. Be4 b5 31. Ne5 Kf8 32. Nc6 Nc8 33. Nb4
Nd6 34. Bd3 a5 35. Nc6 a4 36. Na7 Ke7 37. Nxb5 Nxb5 38. Bxb5 Kf6 39. Bd3 h5 40.
Kf3 g5 41. fxg6 fxg6 42. Bc2 1-0

[Event "DEM U12/U12w 2003"]
[Site "Willingen GER"]
[Date "2003.06.13"]
[Round "10"]
[White "Linsenmeyer, Mario"]
[Black "Heistermann, Till"]
[Result "0-1"]
[Termination "normal"]
[Board "16"]
[WhiteElo "1500"]
[BlackElo "1619"]
[PlyCount "82"]
[WhiteFideId "24635138"]
[EventCountry "GER"]
[EventRounds "11"]
[EventType "swiss"]
[EventDate "2003.06.07"]

1. e4 c5 2. c3 d5 3. exd5 Qxd5 4. d4 Nf6 5. dxc5 Qxc5 6. Nf3 Bg4 7. Be3 Qc7 8.
Nbd2 e6 9. Qa4+ Nbd7 10. Bb5 Be7 11. h3 Bh5 12. O-O Bg6 13. Nh4 O-O 14. Nxg6
hxg6 15. Bg5 Nc5 16. Qc2 a6 17. Be2 Rfd8 18. Rad1 Rac8 19. Bf3 b5 20. Rfe1 Rd7
21. Nb3 Nxb3 22. Qxb3 Rcd8 23. Rxd7 Rxd7 24. Rd1 Rxd1+ 25. Bxd1 Qe5 26. Be3 Bc5
27. Bxc5 Qxc5 28. Qb4 Qxb4 29. cxb4 Nd5 30. a3 Kf8 31. Bf3 Ke7 32. Bxd5 exd5
33. Kf1 Kd6 34. Ke2 Ke5 35. Kd3 g5 36. b3 f6 37. g3 g4 38. h4 g6 39. Ke3 d4+
40. Kd3 Kd5 41. f4 gxf3 0-1

[Event "DEM U12/U12w 2003"]
[Site "Willingen GER"]
[Date "2003.06.13"]
[Round "10"]
[White "Strunski, Andreas"]
[Black "Moshtael, Wesal"]
[Result "1-0"]
[Termination "normal"]
[Board "17"]
[WhiteElo "1619"]
[BlackElo "1578"]
[PlyCount "147"]
[WhiteFideId "24606073"]
[BlackFideId "24618551"]
[EventCountry "GER"]
[EventRounds "11"]
[EventType "swiss"]
[EventDate "2003.06.07"]

1. e4 c5 2. Nf3 e6 3. d4 cxd4 4. Nxd4 Nf6 5. Nc3 d6 6. Be2 a6 7. O-O Nbd7 8.
Be3 b5 9. a3 Bb7 10. f3 Be7 11. Nb3 O-O 12. Qd2 Rc8 13. Rfd1 Ne5 14. Qe1 Nc4
15. Bxc4 Rxc4 16. Rd2 Qc7 17. Rad1 Rd8 18. Qf2 Qb8 19. Na5 Rcc8 20. Bf4 Ne8 21.
Qg3 Qa7+ 22. Kh1 Qb6 23. Nxb7 Qxb7 24. Qf2 b4 25. axb4 Qxb4 26. Qa7 Rc7 27.
Qxa6 Qxb2 28. Nb5 Rxc2 29. Rxc2 Qxc2 30. Rc1 Qd3 31. Qb7 Bf6 32. h3 h6 33. Nc7
Qa3 34. Nxe8 Rxe8 35. Qc7 e5 36. Bd2 Rd8 37. Kh2 Qa8 38. Rc6 Qb8 39. Qxb8 Rxb8
40. Rxd6 Rd8 41. Rxd8+ Bxd8 42. Bc3 Bc7 43. Kg1 Kf8 44. Kf2 Ke7 45. Ke3 Ke6 46.
Kd3 f5 47. Kc4 g6 48. Kb5 h5 49. Bb4 Bd8 50. Kc6 Bh4 51. Kc7 Bf2 52. Kd8 Kf6
53. Be7+ Kf7 54. Kd7 Be1 55. Bg5 Bb4 56. Be3 Kf6 57. Bf2 Kg5 58. Bg3 Kf6 59.
Ke8 Bc5 60. Bh4+ g5 61. Be1 g4 62. Bh4+ Kg6 63. Kd7 gxh3 64. gxh3 fxe4 65. fxe4
Kf7 66. Kc6 Bd4 67. Kd5 Bc3 68. Kc4 Bd4 69. Kd3 Ke6 70. Be1 Bb6 71. Bd2 Bc5 72.
Be3 Bd6 73. Bd2 Bc5 74. Bc3 1-0

[Event "DEM U12/U12w 2003"]
[Site "Willingen GER"]
[Date "2003.06.13"]
[Round "10"]
[White "Rath, Oliver"]
[Black "Roitzsch, Philipp"]
[Result "1-0"]
[Termination "normal"]
[Board "18"]
[WhiteElo "1513"]
[BlackElo "1612"]
[PlyCount "113"]
[WhiteFideId "24610380"]
[BlackFideId "24635529"]
[EventCountry "GER"]
[EventRounds "11"]
[EventType "swiss"]
[EventDate "2003.06.07"]

1. e4 e5 2. Nc3 Nf6 3. Bc4 Nxe4 4. Bxf7+ Kxf7 5. Nxe4 d5 6. Nc3 Be6 7. Qh5+ g6
8. Qxe5 Bg7 9. Qf4+ Bf6 10. Nf3 Bf5 11. O-O Rf8 12. d3 Kg8 13. Qb4 b6 14. Bh6
Rf7 15. Rfe1 Nc6 16. Qb5 Ne7 17. Ng5 Bxg5 18. Bxg5 d4 19. Bxe7 Rxe7 20. Rxe7
Qxe7 21. Qd5+ Kg7 22. Qxd4+ Qf6 23. Qxf6+ Kxf6 24. Nd5+ Kg7 25. Re1 c6 26. Nf4
Kf6 27. h3 h5 28. Kf1 Rh8 29. Ne2 h4 30. Nd4 Bd7 31. Re4 g5 32. f3 c5 33. Ne2
Bc6 34. Re3 Rh7 35. Nc3 Kf5 36. Kf2 Rf7 37. Ne4 Kf4 38. Nd6 Rd7 39. Nc4 Rd5 40.
Re6 Bd7 41. Rd6 Rxd6 42. Nxd6 Ke5 43. Ne4 Kf5 44. Ke3 Be6 45. c4 Bd7 46. a3 Be6
47. Nd6+ Ke5 48. Nb5 a6 49. Nc7 Bc8 50. Nd5 b5 51. b3 Bb7 52. Nc3 Bc6 53. Ne4
Bxe4 54. fxe4 bxc4 55. bxc4 a5 56. a4 Kd6 57. d4 1-0

[Event "DEM U12/U12w 2003"]
[Site "Willingen GER"]
[Date "2003.06.13"]
[Round "10"]
[White "Falke, Isaak"]
[Black "Poetsch, Hagen"]
[Result "0-1"]
[Termination "normal"]
[Board "19"]
[WhiteElo "1460"]
[BlackElo "1611"]
[PlyCount "144"]
[WhiteFideId "24614483"]
[BlackFideId "24615137"]
[EventCountry "GER"]
[EventRounds "11"]
[EventType "swiss"]
[EventDate "2003.06.07"]

1. d4 e6 2. Nf3 c5 3. c3 cxd4 4. cxd4 d5 5. Bf4 Nc6 6. Nbd2 Nf6 7. h3 Be7 8. e3
O-O 9. Bd3 Bd7 10. O-O Qb6 11. Qb3 Nb4 12. Be2 Rac8 13. a3 Nc6 14. Qxb6 axb6
15. Bd3 Na5 16. Ne5 Nc6 17. Nxd7 Nxd7 18. Bb5 f6 19. Nf3 Rfd8 20. Rac1 Nf8 21.
Rc2 Ng6 22. Bh2 Na7 23. Rxc8 Nxc8 24. Rc1 Nd6 25. Bd3 Rc8 26. Rxc8+ Nxc8 27.
Kf1 Bd6 28. Bxd6 Nxd6 29. Nd2 e5 30. Ke1 exd4 31. exd4 Nf4 32. Bf1 Ne6 33. Nb3
Kf7 34. Kd2 Ne4+ 35. Ke3 f5 36. g3 g5 37. Kf3 h5 38. Ke3 f4+ 39. gxf4 Nxf4 40.
f3 Ng3 41. Bd3 Nxh3 42. Bb5 Nf5+ 43. Ke2 Nf4+ 44. Kd2 h4 45. Bf1 h3 46. Bxh3
Nxh3 47. Kd3 Nh4 48. Nd2 Ke6 49. a4 Kf5 50. Ke3 Nf4 51. b3 Nfg2+ 52. Ke2 Kf4
53. Kf2 Ne1 54. Kxe1 Nxf3+ 55. Nxf3 Kxf3 56. Kf1 g4 57. b4 Kg3 58. Kg1 b5 59.
axb5 b6 60. Kf1 Kh2 61. Kf2 g3+ 62. Kf3 g2 63. Kf4 g1=Q 64. Ke5 Qg2 65. Kd6 Qe4
66. Kc6 Qxd4 67. Kb7 Kg3 68. Kb8 Kf4 69. Kb7 Ke5 70. Ka7 Kd6 71. Ka8 Kc7 72.
Ka7 Qa1# 0-1

[Event "DEM U12/U12w 2003"]
[Site "Willingen GER"]
[Date "2003.06.13"]
[Round "10"]
[White "Schulz, Marcel"]
[Black "Wortmann, Jonas"]
[Result "0-1"]
[Termination "normal"]
[Board "20"]
[WhiteElo "1406"]
[BlackElo "1608"]
[PlyCount "74"]
[WhiteFideId "1270585"]
[BlackFideId "24628069"]
[EventCountry "GER"]
[EventRounds "11"]
[EventType "swiss"]
[EventDate "2003.06.07"]

1. g3 c5 2. f4 d5 3. Bg2 g6 4. Nf3 Bg7 5. O-O Nc6 6. d3 f5 7. c4 e6 8. Nbd2 Nf6
9. Rb1 Ng4 10. Nb3 Qd6 11. h3 Nf6 12. Be3 b6 13. Bf2 Bb7 14. Na1 Qc7 15. Nc2
Rd8 16. Ng5 Qc8 17. Na3 h6 18. Nf3 O-O 19. Qd2 Qb8 20. Rfc1 Rfe8 21. cxd5 exd5
22. Re1 a6 23. d4 Ne4 24. Qd1 Nxf2 25. Kxf2 Nxd4 26. Nxd4 Bxd4+ 27. Kf1 Be3 28.
Nc2 d4 29. Nxe3 Rxe3 30. Bf3 Rde8 31. Qd2 Bxf3 32. exf3 Rxf3+ 33. Kg2 Ree3 34.
Rxe3 Rxe3 35. Re1 Qb7+ 36. Kh2 Rxe1 37. Qxe1 Qe4 0-1

[Event "DEM U12/U12w 2003"]
[Site "Willingen GER"]
[Date "2003.06.13"]
[Round "10"]
[White "Hannes, Diana"]
[Black "Kim, Oi-sin"]
[Result "0-1"]
[Termination "normal"]
[Board "21"]
[WhiteElo "1145"]
[BlackElo "1588"]
[PlyCount "44"]
[WhiteFideId "24611344"]
[BlackFideId "24605778"]
[EventCountry "GER"]
[EventRounds "11"]
[EventType "swiss"]
[EventDate "2003.06.07"]

1. e4 e5 2. Nf3 Nc6 3. Bc4 Bc5 4. c3 Nf6 5. d4 exd4 6. O-O dxc3 7. e5 d5 8.
exf6 dxc4 9. Re1+ Be6 10. fxg7 Rg8 11. Nxc3 Qxd1 12. Rxd1 Rxg7 13. Bf4 Bb6 14.
Nb5 Rc8 15. Rac1 Nb4 16. Ne1 Nxa2 17. Ra1 a6 18. Bxc7 Bxc7 19. Nxc7+ Rxc7 20.
Rxa2 c3 21. Ra3 cxb2 22. Rb1 Rc1 0-1

[Event "DEM U12/U12w 2003"]
[Site "Willingen GER"]
[Date "2003.06.13"]
[Round "10"]
[White "Seifert, Christopher"]
[Black "Doberitz, Paul"]
[Result "0-1"]
[Termination "normal"]
[Board "22"]
[WhiteElo "1369"]
[BlackElo "1526"]
[PlyCount "146"]
[WhiteFideId "24615293"]
[BlackFideId "24646130"]
[EventCountry "GER"]
[EventRounds "11"]
[EventType "swiss"]
[EventDate "2003.06.07"]

1. e4 c5 2. Nc3 Nc6 3. Bc4 g6 4. f4 Bg7 5. Nf3 d6 6. O-O e6 7. f5 exf5 8. exf5
Bxf5 9. d3 Nge7 10. g4 Be6 11. Bxe6 fxe6 12. Ng5 Qd7 13. Qe2 Ne5 14. Bf4 N7c6
15. Bxe5 Nxe5 16. Nge4 O-O-O 17. d4 Nc6 18. dxc5 dxc5 19. Rad1 Qe7 20. Qf3 Bd4+
21. Kh1 Rhf8 22. Qg3 Be5 23. Qe3 Nd4 24. Rf2 Rxf2 25. Qxf2 Rf8 26. Qg2 Nf3 27.
h3 Kb8 28. Rf1 Nd4 29. Rxf8+ Qxf8 30. Nd1 b6 31. c3 Qf3 32. Qxf3 Nxf3 33. Kg2
Nh4+ 34. Kf2 h6 35. Ne3 Kc7 36. Nc4 Bg7 37. Ncd6 Kd7 38. Nc4 g5 39. Ng3 Ng6 40.
Nh5 Bh8 41. Ke3 e5 42. Ke4 Ke6 43. Ne3 Nf4 44. Nxf4+ exf4 45. Nf5 b5 46. Nxh6
b4 47. cxb4 c4 48. Nf5 Bxb2 49. h4 gxh4 50. Kxf4 Bf6 51. Ke4 h3 52. Ng3 Be5 53.
Nf1 h2 54. Nxh2 Bxh2 55. Kd4 Kf6 56. Kxc4 Kg5 57. a4 Kxg4 58. b5 Bc7 59. Kb4
Kf5 60. a5 Bd6+ 61. Kc4 Ke6 62. a6 Bc7 63. Kc5 Bb6+ 64. Kb4 Kd5 65. Kb3 Kc5 66.
Ka4 Kc4 67. Ka3 Kxb5 68. Kb3 Kxa6 69. Ka4 Bc5 70. Kb3 Kb5 71. Kc3 a5 72. Kb3
Bd4 73. Kc2 Kb4 0-1

[Event "DEM U12/U12w 2003"]
[Site "Willingen GER"]
[Date "2003.06.13"]
[Round "10"]
[White "Zahn, Benno"]
[Black "Karmann, Anna"]
[Result "1/2-1/2"]
[Termination "normal"]
[Board "23"]
[WhiteElo "1529"]
[BlackElo "1275"]
[PlyCount "94"]
[WhiteFideId "24636070"]
[BlackFideId "24648000"]
[EventCountry "GER"]
[EventRounds "11"]
[EventType "swiss"]
[EventDate "2003.06.07"]

1. d4 d5 2. c4 e6 3. Nc3 Nf6 4. Bg5 Nbd7 5. e3 Be7 6. Bd3 O-O 7. Nf3 c6 8. O-O
dxc4 9. Bxc4 Nd5 10. Bxe7 Qxe7 11. Nxd5 exd5 12. Bd3 Nf6 13. Qc2 Re8 14. Rfe1
h6 15. Rac1 Ne4 16. Ne5 Nd6 17. Bh7+ Kf8 18. b3 Qf6 19. Bd3 Bf5 20. Qc5 Qe7 21.
Bxf5 Nxf5 22. Qxe7+ Rxe7 23. Rc3 Nd6 24. f3 Re6 25. Kf2 f6 26. Ng6+ Kf7 27. Nf4
Re7 28. g4 Rae8 29. Ng2 f5 30. h3 fxg4 31. hxg4 Rf8 32. Kg3 Kg6 33. Nf4+ Kg5
34. Rh1 Rfe8 35. Re1 Nb5 36. Rd3 a6 37. a4 Nd6 38. Kg2 Kf6 39. Rc3 Rf7 40. Nh5+
Ke7 41. Ng3 Kf6 42. e4 dxe4 43. fxe4 Kg5 44. Kh3 Rf4 45. Rce3 Rxg4 46. e5 Rh4+
47. Kg2 Nf5 1/2-1/2

[Event "DEM U12/U12w 2003"]
[Site "Willingen GER"]
[Date "2003.06.13"]
[Round "10"]
[White "Schroer, Claus"]
[Black "Tschikischew, Jürgen"]
[Result "1-0"]
[Termination "normal"]
[Board "24"]
[WhiteElo "1475"]
[BlackElo "1249"]
[PlyCount "41"]
[EventCountry "GER"]
[EventRounds "11"]
[EventType "swiss"]
[EventDate "2003.06.07"]

1. e4 d6 2. d4 Nf6 3. Nc3 g6 4. Nf3 Bg7 5. Be3 O-O 6. Qd2 Ng4 7. h4 Nxe3 8.
Qxe3 Bg4 9. O-O-O Nd7 10. Be2 h6 11. Nh2 Bxe2 12. Qxe2 a5 13. f4 e6 14. Nf3 Qe7
15. h5 c6 16. g4 Nf6 17. Qg2 e5 18. dxe5 dxe5 19. Nxe5 Nh7 20. hxg6 Bxe5 21.
gxh7+ 1-0

[Event "DEM U12/U12w 2003"]
[Site "Willingen GER"]
[Date "2003.06.13"]
[Round "10"]
[White "Büchner, Felix"]
[Black "Collmann, Martin"]
[Result "0-1"]
[Termination "normal"]
[Board "25"]
[WhiteElo "1229"]
[BlackElo "1438"]
[PlyCount "72"]
[EventCountry "GER"]
[EventRounds "11"]
[EventType "swiss"]
[EventDate "2003.06.07"]

1. d4 Nf6 2. c4 g6 3. Nc3 Bg7 4. Bg5 O-O 5. e3 d6 6. Nf3 Nbd7 7. Bd3 e5 8. Qc2
b6 9. O-O-O a5 10. Be4 Rb8 11. dxe5 dxe5 12. Nxe5 Qe8 13. Nc6 Nxe4 14. Be7 Bb7
15. Nxb8 Qxe7 16. Nxd7 Nxc3 17. Nxf8 Nxd1 18. Rxd1 Bxf8 19. g3 Be4 20. Qd2 Bf3
21. Rg1 Qe6 22. Qd4 Qh3 23. Qf4 Qxh2 24. Qxf3 Qxg1+ 25. Kc2 Qe1 26. a3 Bd6 27.
Kd3 Qb1+ 28. Kc3 Be5+ 29. Kb3 Qxb2+ 30. Ka4 Qc2+ 31. Kb5 Qb3+ 32. Ka6 Qxc4+ 33.
Ka7 b5 34. Qa8+ Kg7 35. f4 Qc5+ 36. Ka6 Qb6# 0-1

[Event "DEM U12/U12w 2003"]
[Site "Willingen GER"]
[Date "2003.06.13"]
[Round "10"]
[White "Reipschläger, Tom"]
[Black "Yao, Kelvin"]
[Result "0-1"]
[Termination "normal"]
[Board "26"]
[WhiteElo "1099"]
[BlackElo "1426"]
[PlyCount "92"]
[EventCountry "GER"]
[EventRounds "11"]
[EventType "swiss"]
[EventDate "2003.06.07"]

1. d4 d5 2. e3 Nf6 3. c4 c6 4. b3 Bf5 5. Nf3 Nbd7 6. Be2 e6 7. O-O Bd6 8. Bb2
O-O 9. Ne5 Qc7 10. Nxd7 Bxh2+ 11. Kh1 Nxd7 12. g3 Bxg3 13. fxg3 Qxg3 14. Bf3
Nf6 15. Qe2 Ne4 16. Qh2 Bh3 17. Bxe4 Qxh2+ 18. Kxh2 Bxf1 19. Bf3 Bd3 20. Nd2 f5
21. Rg1 Rf6 22. Rg3 Rh6+ 23. Kg2 Rf8 24. Nf1 Rff6 25. Bc1 Rfg6 26. Rxg6 Rxg6+
27. Kf2 Rf6 28. c5 g6 29. Bg2 h5 30. Nd2 g5 31. e4 fxe4+ 32. Kg3 e3 33. Nf3 e2
34. Bd2 g4 35. Ne1 Bb1 36. a4 Ba2 37. b4 Bc4 38. a5 Kg7 39. Bg5 Rf1 40. Bd2 Kg6
41. Bc3 Rf7 42. Bd2 Rh7 43. Kf4 Ba2 44. Kg3 Kf5 45. Bf4 h4+ 46. Kf2 Kxf4 0-1

[Event "DEM U12/U12w 2003"]
[Site "Willingen GER"]
[Date "2003.06.13"]
[Round "10"]
[White "Geis, Raoul-Marian"]
[Black "Bradler, Stephan"]
[Result "1/2-1/2"]
[Termination "normal"]
[Board "27"]
[WhiteElo "1315"]
[BlackElo "1366"]
[PlyCount "52"]
[BlackFideId "24629367"]
[EventCountry "GER"]
[EventRounds "11"]
[EventType "swiss"]
[EventDate "2003.06.07"]

1. e4 e5 2. Nf3 Nc6 3. Bc4 Bc5 4. c3 Nf6 5. d4 exd4 6. cxd4 Bb4+ 7. Bd2 Bxd2+
8. Nbxd2 d5 9. exd5 Nxd5 10. Qb3 Nce7 11. O-O O-O 12. Rfe1 c6 13. a4 Qb6 14.
Qxb6 axb6 15. Bxd5 Nxd5 16. Nc4 Be6 17. Ne3 Nxe3 18. fxe3 Bb3 19. Ra3 Be6 20.
Rea1 Ra5 21. b4 Ra7 22. a5 Rfa8 23. Kf2 bxa5 24. Rxa5 Rxa5 25. Rxa5 Rxa5 26.
bxa5 Kf8 1/2-1/2

[Event "DEM U12/U12w 2003"]
[Site "Willingen GER"]
[Date "2003.06.13"]
[Round "10"]
[White "Saak, Sandra"]
[Black "Remy, Janina"]
[Result "0-1"]
[Termination "normal"]
[Board "28"]
[WhiteElo "1361"]
[BlackElo "1672"]
[PlyCount "140"]
[BlackFideId "24627348"]
[EventCountry "GER"]
[EventRounds "11"]
[EventType "swiss"]
[EventDate "2003.06.07"]

1. e4 c6 2. d4 d5 3. e5 c5 4. dxc5 e6 5. Be3 Nc6 6. Bb5 Qa5+ 7. Nc3 Bd7 8. Bxc6
Bxc6 9. Nf3 Bxc5 10. Bxc5 Qxc5 11. O-O Nh6 12. Qd4 b6 13. Rfe1 Nf5 14. Qd2 O-O
15. Rad1 Rad8 16. Ne2 Qc4 17. a3 Qg4 18. h3 Qg6 19. Qg5 Qxg5 20. Nxg5 Rc8 21.
Rd2 Ba4 22. c3 Bb5 23. Nf3 Bxe2 24. Rexe2 Rc5 25. Nd4 Nxd4 26. Rxd4 Rfc8 27.
Rf4 Rc4 28. Rxc4 Rxc4 29. Kf1 Kf8 30. Re3 h6 31. Ke2 Ke7 32. Kd2 Rf4 33. Re2
Kd7 34. Kc2 Kc6 35. Kb3 Kc5 36. f3 a5 37. a4 b5 38. axb5 Kxb5 39. Rd2 g6 40.
Rd4 Rxd4 41. cxd4 a4+ 42. Kc3 Ka5 43. g3 h5 44. h4 Kb5 45. g4 Ka5 46. Kc2 Kb4
47. Kc1 Kc4 48. Kb1 Kxd4 49. Ka2 Kc4 50. Ka3 Kb5 51. b3 axb3 52. Kxb3 Kc5 53.
Kc3 d4+ 54. Kd3 Kd5 55. gxh5 gxh5 56. f4 Kc5 57. Ke4 Kc4 58. f5 Kc3 59. fxe6
fxe6 60. Kf4 d3 61. Kg5 d2 62. Kf6 d1=Q 63. Kxe6 Kd4 64. Kd6 Ke4+ 65. Ke6 Qd5+
66. Kf6 Qxe5+ 67. Kg6 Qf5+ 68. Kg7 Ke5 69. Kh8 Qg4 70. Kh7 Kf6 0-1